| Registos Bibliográficos associados ao registo de autoridade |
|
Etiqueta de registo: 00254nam 2200025 450 001 2140210 003 http://id.bnportugal.gov.pt/bib/catbnp/2140210 010 ## $a978-989-53748-5-4 021 ## $aPT$b504483/22 100 ## $a20230810d2022 c y0pory01030103ba 101 0# $apor 102 ## $aPT 105 ## $aa z 000fy 106 ## $ar 200 1# $aDe onde vêm os abraços?$fSandra Lima$gil. Bolota 205 ## $a1ª ed 210 #9 $aPorto$cTrinta Por Uma Linha,$d2022 215 ## $a35, [2] p.$cil.$d22 cm 675 ## $a087.5$vBN$zpor$3287999 675 ## $a821.134.3-93"20"$vBN$zpor$31046482 700 #1 $aLima,$bSandra,$f1974-$31890345 702 #0 $aBolota$4440$31830690 801 #0 $aPT$bBN$gRPC 856 41 $uhttp://rnod.bnportugal.gov.pt/ImagesBN/winlibimg.aspx?skey=&doc=2140210&img=182596&save=true 900 ## $aBIBNAC$d20230817 966 ## $lBN$mFGMON$sP. 63630 V.$x1 966 ## $lBN$mFGMON$sP. 63630 V.-D$x1 971 ## $cdpenetra$d20230810 972 ## $e0$z0$d20230817$vmsebas 973 ## $cmcarvalho$d20230811
Etiqueta de registo: 00254nam 2200025 450 001 2208065 003 http://id.bnportugal.gov.pt/bib/catbnp/2208065 010 ## $a978-989-35539-7-8 021 ## $aPT$b538986/24 100 ## $a20250314d2024 m y0pory01030103ba 101 0# $apor 102 ## $aPT 105 ## $aa z 000gy 106 ## $ar 200 1# $aSer mulher$fSandra Lima 205 ## $a1ª ed 210 #9 $a[S.l.]$cReticências,$d2024 215 ## $a69 p.$cil.$d22 cm 675 ## $a821.134.3-1"20"$vBN$zpor$31023893 700 #1 $aLima,$bSandra,$f1974-$31890345 801 #0 $aPT$bBN$gRPC 856 41 $uhttp://rnod.bnportugal.gov.pt/ImagesBN/winlibimg.aspx?skey=&doc=2208065&img=205894&save=true 900 ## $aBIBNAC$d20250324 966 ## $lBN$mFGMON$sL. 175888 V.$x1 971 ## $corlando$d20250314 972 ## $e0$z0$d20250324$viquintas 973 ## $cacosta$d20250320
Etiqueta de registo: 00254nam 2200025 450 001 2220883 003 http://id.bnportugal.gov.pt/bib/catbnp/2220883 010 ## $a978-9895857685 021 ## $aPT$b547534/25 100 ## $a20250722d2025 c y0pory01030103ba 101 0# $apor 102 ## $aPT 105 ## $aa z 000fy 106 ## $ar 200 1# $aOnde vivem os sonhos?$fSandra Lima$gil. Nathalie Dantas 205 ## $a1º ed 210 #9 $aCarnaxide$cMeia Longa,$d2025 215 ## $a45, [7] p.$cil.$d21 cm 675 ## $a087.5$vBN$zpor$3287999 675 ## $a821.134.3-93"20"$vBN$zpor$31046482 700 #1 $aLima,$bSandra,$f1974-$31890345 702 #1 $aDantas,$bNathalie$4440$31915019 801 #0 $aPT$bBN$gRPC 856 41 $uhttp://rnod.bnportugal.gov.pt/ImagesBN/winlibimg.aspx?skey=&doc=2220883&img=210163&save=true 900 ## $aBIBNAC$d20250728 966 ## $lBN$mFGMON$sP. 70404 V.$x1 971 ## $corlando$d20250722 972 ## $e0$z0$d20250728$vasantos 973 ## $cigoulao$d20250723
Etiqueta de registo: 00254nam 2200025 450 001 2285539 003 http://id.bnportugal.gov.pt/bib/catbnp/2285539 010 ## $a978-989-9215-14-6 021 ## $aPT$b560452/26 100 ## $a20260430d2026 c d0pory01030103ba 101 0# $apor 102 ## $aPT 105 ## $aa z 000fy 106 ## $ar 200 1# $aTeresinha, de menina a rainha$fSandra Lima, Ana Rego 205 ## $a1ª ed 210 #9 $aPonte de Lima$cMunicípio de Ponte de Lima,$d2026 215 ## $a30, [2] p.$cil.$d25 cm 675 ## $a087.5$vBN$zpor$3287999 675 ## $a929Teresa, Condessa de Portugal(0.053.5)$vBN$zpor$31999924 700 #1 $aLima,$bSandra,$f1974-$31890345 701 #1 $92$aRego,$bAna$4440$31914910 801 #0 $aPT$bBN$gRPC 856 41 $uhttp://rnod.bnportugal.gov.pt/ImagesBN/winlibimg.aspx?skey=&doc=2285539&img=222965&save=true 900 ## $aBIBNAC$d20260615 966 ## $lBN$mFGMON$sP. 72885 V.$x1 966 ## $lBN$mFGMON$sP. 72885 V.-D$x1 971 ## $cisantos$d20260430 972 ## $e0$z0$d20260615$vlrevez 973 ## $ctrodrigues$d20260602 975 ## $e0$d20260616$viquintas
|
|
|